新疆维吾尔自治区县级行政区划 - Statistics

General Stats
  • This quiz has been taken 17 times
  • The average score is 73 of 108
Answer Stats
城市 区县 % Correct
乌鲁木齐市 沙依巴克区
100%
乌鲁木齐市 达坂城区
100%
乌鲁木齐市 天山区
90%
乌鲁木齐市 米东区
90%
阿克苏地区 阿克苏市
90%
阿克苏地区 库车市
90%
喀什地区 喀什市
90%
和田地区 和田市
90%
和田地区 和田县
90%
和田地区 于田县
90%
昌吉回族自治州 昌吉市
90%
巴音郭楞蒙古自治州 库尔勒市
90%
巴音郭楞蒙古自治州 且末县
90%
伊犁哈萨克自治州 伊宁市
90%
伊犁哈萨克自治州 霍尔果斯市
90%
伊犁哈萨克自治州 伊宁县
90%
塔城地区 塔城市
90%
阿勒泰地区 阿勒泰市
90%
阿勒泰地区 富蕴县
90%
自治区直辖县级行政单位 石河子市
90%
自治区直辖县级行政单位 阿拉尔市
90%
自治区直辖县级行政单位 图木舒克市
90%
自治区直辖县级行政单位 五家渠市
90%
自治区直辖县级行政单位 北屯市
90%
自治区直辖县级行政单位 双河市
90%
自治区直辖县级行政单位 可克达拉市
90%
自治区直辖县级行政单位 昆玉市
90%
自治区直辖县级行政单位 胡杨河市
90%
乌鲁木齐市 水磨沟区
80%
乌鲁木齐市 新市区
80%
乌鲁木齐市 头屯河区
80%
乌鲁木齐市 乌鲁木齐县
80%
克拉玛依市 克拉玛依区
80%
喀什地区 莎车县
80%
喀什地区 叶城县
80%
和田地区 墨玉县
80%
昌吉回族自治州 阜康市
80%
博尔塔拉蒙古自治州 博乐市
80%
博尔塔拉蒙古自治州 阿拉山口市
80%
巴音郭楞蒙古自治州 轮台县
80%
巴音郭楞蒙古自治州 若羌县
80%
克孜勒苏柯尔克孜自治州 阿图什市
80%
伊犁哈萨克自治州 奎屯市
80%
自治区直辖县级行政单位 铁门关市
80%
自治区直辖县级行政单位 白杨市
80%
克拉玛依市 独山子区
70%
克拉玛依市 白碱滩区
70%
吐鲁番市 高昌区
70%
吐鲁番市 鄯善县
70%
吐鲁番市 托克逊县
70%
哈密市 伊州区
70%
博尔塔拉蒙古自治州 温泉县
70%
巴音郭楞蒙古自治州 和静县
70%
巴音郭楞蒙古自治州 焉耆回族自治县
70%
阿勒泰地区 布尔津县
70%
自治区直辖县级行政单位 新星市
70%
哈密市 伊吾县
60%
喀什地区 英吉沙县
60%
喀什地区 巴楚县
60%
喀什地区 塔什库尔干塔吉克自治县
60%
和田地区 皮山县
60%
和田地区 民丰县
60%
昌吉回族自治州 呼图壁县
60%
昌吉回族自治州 玛纳斯县
60%
昌吉回族自治州 奇台县
60%
昌吉回族自治州 木垒哈萨克自治县
60%
巴音郭楞蒙古自治州 和硕县
60%
巴音郭楞蒙古自治州 博湖县
60%
克孜勒苏柯尔克孜自治州 阿克陶县
60%
克孜勒苏柯尔克孜自治州 乌恰县
60%
伊犁哈萨克自治州 尼勒克县
60%
伊犁哈萨克自治州 霍城县
60%
伊犁哈萨克自治州 新源县
60%
伊犁哈萨克自治州 特克斯县
60%
塔城地区 额敏县
60%
阿勒泰地区 福海县
60%
克拉玛依市 乌尔禾区
50%
哈密市 巴里坤哈萨克自治县
50%
阿克苏地区 新和县
50%
阿克苏地区 拜城县
50%
阿克苏地区 乌什县
50%
阿克苏地区 阿瓦提县
50%
喀什地区 疏勒县
50%
喀什地区 伽师县
50%
和田地区 策勒县
50%
昌吉回族自治州 吉木萨尔县
50%
博尔塔拉蒙古自治州 精河县
50%
巴音郭楞蒙古自治州 尉犁县
50%
克孜勒苏柯尔克孜自治州 阿合奇县
50%
伊犁哈萨克自治州 巩留县
50%
伊犁哈萨克自治州 昭苏县
50%
伊犁哈萨克自治州 察布查尔锡伯自治县
50%
塔城地区 乌苏市
50%
塔城地区 裕民县
50%
阿勒泰地区 哈巴河县
50%
阿克苏地区 温宿县
40%
阿克苏地区 沙雅县
40%
阿克苏地区 柯坪县
40%
喀什地区 疏附县
40%
喀什地区 泽普县
40%
喀什地区 麦盖提县
40%
和田地区 洛浦县
40%
塔城地区 沙湾市
40%
塔城地区 托里县
40%
塔城地区 和布克赛尔蒙古自治县
40%
阿勒泰地区 青河县
40%
阿勒泰地区 吉木乃县
40%
喀什地区 岳普湖县
30%
No matching quizzes found
Score Distribution
Percent of People with Each Score
Percentile by Number Answered
Your Score History
You have not taken this quiz